العلاقة بين الإنفاق الرأسمالي و الأداء المالي و التشغيلي في شركات صناعة الأدوية الأردنية = The relationship between capital spending and financial and operational performance in Jordanian pharmaceutical manufacturing companies (Record no. 23489)
[ view plain ]
| 000 -LEADER | |
|---|---|
| fixed length control field | 01291nam a2200241Ii 4500 |
| 003 - CONTROL NUMBER IDENTIFIER | |
| control field | JO-AjNU |
| 005 - DATE AND TIME OF LATEST TRANSACTION | |
| control field | 20240624093156.0 |
| 008 - FIXED-LENGTH DATA ELEMENTS--GENERAL INFORMATION | |
| fixed length control field | 230605s9999||||xx |||||||||||||| ||und|| |
| 040 ## - CATALOGING SOURCE | |
| Original cataloging agency | JO-AjNU |
| Language of cataloging | ara |
| Description conventions | rda |
| Transcribing agency | JO-AjNU |
| 041 ## - LANGUAGE CODE | |
| Language code of text/sound track or separate title | ara |
| 050 14 - LIBRARY OF CONGRESS CALL NUMBER | |
| Classification number | HF5686.2011 |
| 100 ## - MAIN ENTRY--PERSONAL NAME | |
| Personal name | طيفور، محمد سميح |
| Relator term | معد |
| 9 (RLIN) | 65491 |
| 245 00 - TITLE STATEMENT | |
| Title | العلاقة بين الإنفاق الرأسمالي و الأداء المالي و التشغيلي في شركات صناعة الأدوية الأردنية = The relationship between capital spending and financial and operational performance in Jordanian pharmaceutical manufacturing companies |
| Statement of responsibility, etc. | / اعداد محمد سميح طيفور ؛ اشراف محمد مطر |
| 264 31 - PRODUCTION, PUBLICATION, DISTRIBUTION, MANUFACTURE, AND COPYRIGHT NOTICE | |
| Place of production, publication, distribution, manufacture | 2011 |
| 300 ## - PHYSICAL DESCRIPTION | |
| Extent | 181 ورقة |
| 336 ## - CONTENT TYPE | |
| Content type term | text |
| Content type code | txt |
| Source | rdacontent |
| 337 ## - MEDIA TYPE | |
| Media type term | unmediated |
| Media type code | n |
| Source | rdamedia |
| 338 ## - CARRIER TYPE | |
| Carrier type term | volume |
| Carrier type code | nc |
| Source | rdacarrier |
| 500 ## - GENERAL NOTE | |
| General note | رسالة جامعية (ماجستير في المحاسبة)--جامعة الشرق الأوسط (عمان، الأردن)، كلية الأعمال، قسم المحاسبة، 2011 |
| 650 #4 - SUBJECT ADDED ENTRY--TOPICAL TERM | |
| Topical term or geographic name entry element | الشركات الصناعية -- محاسبة -- الأردن -- شركات الأدوية -- محاسبة -- الأردن |
| 9 (RLIN) | 45884 |
| 700 ## - ADDED ENTRY--PERSONAL NAME | |
| Personal name | محمد مطر |
| Relator term | مشرف |
| 9 (RLIN) | 65492 |
| 942 ## - ADDED ENTRY ELEMENTS (KOHA) | |
| Source of classification or shelving scheme | Library of Congress Classification |
| Koha item type | Thesis |
| Withdrawn status | Lost status | Source of classification or shelving scheme | Damaged status | Not for loan | Home library | Current library | Shelving location | Date acquired | Total Checkouts | Full call number | Barcode | Date last seen | Price effective from | Koha item type |
|---|---|---|---|---|---|---|---|---|---|---|---|---|---|---|
| Library of Congress Classification | مكتبة جامعة عجلون الوطنية | مكتبة جامعة عجلون الوطنية | المراجع | 06/06/2023 | HF5686.2011 | A19921 | 06/06/2023 | 06/06/2023 | Thesis |